| 000 | 00171 a2200073 4500 | ||
|---|---|---|---|
| 999 |
_c87440 _d87439 |
||
| 005 | 20190222105415.0 | ||
| 008 | 181105b ||||| |||| 00| 0 eng d | ||
| 020 | _a9788172240523 | ||
| 080 |
_aF _bBURR |
||
| 100 | _a Burton, Richard F; tr | ||
| 245 | _aTales from 1001 Arabian nights | ||
| 260 |
_bJaico publishing house _aAhmedabad _c1988 |
||
| 300 | _a871p. | ||
| 653 | _aFolk literature - Arabian folk tales | ||
| 653 | _aFiction | ||
| 942 | _cBK | ||